| Tag |
First Indicator |
Second Indicator |
Subfields |
| LEADER |
00000cam a2200000Ia 4500 |
| 001 |
in00002292001 |
| 005 |
20190326201710.0 |
| 006 |
m | d | |
| 007 |
cr |n||||||||n |
| 008 |
900821s1796 nyuabce sb 001 0 eng d |
| 010 |
|
|
|a nuc87816977
|
| 040 |
|
|
|a ResP
|c GKS
|d RQM
|d OCL
|d Thomson Gale
|d UtOrBLW
|
| 043 |
|
|
|a n------
|a n-mx---
|a s------
|
| 050 |
1 |
4 |
|a E18
|b .W79
|
| 082 |
0 |
4 |
|a 330
|b G62
|
| 100 |
1 |
|
|a Winterbotham, William,
|d 1763-1829.
|
| 245 |
1 |
3 |
|a An historical, geographical, commercial, and philosophical view of the United States of America, and of the European settlements in America and the West-Indies /
|c by W. Winterbotham.
|
| 250 |
|
|
|a 1st American ed., with additions and corrections.
|
| 264 |
|
3 |
|a New York :
|b Printed by Tiebout and O'Brien,
|c 1796.
|
| 300 |
|
|
|a 4 volumes :
|b illustrations, maps, plans, portraits ;
|c 22 cm.
|
| 336 |
|
|
|a text
|b txt
|2 rdacontent
|
| 337 |
|
|
|a computer
|b c
|2 rdamedia
|
| 338 |
|
|
|a online resource
|b cr
|2 rdacarrier
|
| 500 |
|
|
|a Includes index at end of volume 4.
|
| 500 |
|
|
|a Reproduction of original from Goldsmiths' Library, University of London.
|
| 500 |
|
|
|a Goldsmiths'-Kress number 16562.
|
| 504 |
|
|
|a Includes bibliographical references.
|
| 510 |
4 |
|
|a OCLC,
|c 22250446
|
| 533 |
|
|
|a Electronic reproduction.
|b Farmington Hills, Mich. :
|c Thomson Gale,
|d 2005.
|f (The making of the modern world).
|n Available via the World Wide Web.
|n Access limited to licensing agreements.
|7 s2005 miunns
|
| 500 |
|
|
|a Electronic resource.
|
| 651 |
|
0 |
|a United States
|x Description and travel.
|
| 651 |
|
0 |
|a North America
|x Description and travel.
|
| 651 |
|
0 |
|a Mexico
|x Description and travel.
|
| 651 |
|
0 |
|a Caribbean Area
|x Description and travel.
|
| 651 |
|
0 |
|a South America
|x Description and travel.
|
| 655 |
|
0 |
|a Electronic books.
|
| 830 |
|
0 |
|a Making of the modern world (Goldsmiths'-Kress Library of Economic Literature)
|
| 856 |
4 |
0 |
|u http://proxy.library.tamu.edu/login?url=http://galenet.galegroup.com/servlet/MOME?af=RN&ae=U103786741&srchtp=a&ste=14&locID=txshracd2898
|z Connect to the full text of this electronic book
|t 0
|
| 999 |
|
|
|a MARS
|
| 999 |
f |
f |
|s 16a2c3ea-99ee-3f18-b4e1-92ab01c478ae
|i 4a9d3194-599a-3138-92e8-8fb828288087
|t 0
|
| 952 |
f |
f |
|a Texas A&M University
|b College Station
|c Electronic Resources
|d Available Online
|t 0
|e E18 .W79
|h Library of Congress classification
|
| 998 |
f |
f |
|a E18 .W79
|t 0
|l Available Online
|